Kobe BRYANT - Statistiques

Statistiques générales
  • Ce quiz a été pris 33 fois
  • Le résultat moyen est 18 sur 24
Statistiques - réponses
Hint Réponse % Correct
Nombre de MVP de saison régulière 1
96%
Année de sa draft 1996
96%
Nombre de MVP des finales 2
96%
En quelle année 2008
96%
Record de points sur un match 81
96%
Dans quelle équipe a-t-il fait toute sa carière Lakers
96%
Nombre de titres NBA 5
92%
Nombre d'année passée en NBA 20
88%
Année de sa mort 2020
88%
Son rang parmi les meilleurs scoreurs lors de sa fin de carrière 3
88%
Avec quel engin a-t-il son accident mortel helicoptere
88%
En quelle année 2016
85%
Second numéro porté 24
85%
Premier numéro porté 8
85%
Points lors de son dernier match 60
77%
Sport que pratiquait son père Basket
77%
Surnom Black Mamba
77%
Quelle franchise l'a drafté Hornets
73%
Coequipier avec qui il gagne ses 3 premiers titres Shaquille O'neal
69%
Que s'est-il rompu en 2014 contre les Warriors tendon d'Achille
62%
Pays d'origine des prénoms de ses filles Italie
31%
GM qui opère le trade lors de la draft Jerry West
23%
ville de naissance Philadelphie
23%
Contre quelle équipe Raptors
23%
Aucun quiz correspondant
Distribution des résultats
% des personnes avec chaque résultat
Percentile par nombre de réponses
Votre historique - résultats
Vous n’avez pas pris ce quiz